Seminario internacional sobre antimasonería

Gorde:
Xehetasun bibliografikoak
Erakunde egilea: Universidad La República (Egilea)
Formatua: Liburua
Hizkuntza:gaztelania
Argitaratua: Santiago Universidad La República 1999
Edizioa:1a. ed
Saila:Documentos, 2
Gaiak:
Etiketak: Etiketa erantsi
Etiketarik gabe, Izan zaitez lehena erregistro honi etiketa jartzen!

MARC

LEADER 00000cam a2200000 a 4500
001 UCE0012
003 CL-VaPUC
005 20231102114940.0
008 131227e19990600cl 1 spa d
020 |a 9567317070 
082 0 4 |a 366.1  |b UNI  |2 21 
110 2 |a Universidad La República  |e author  |9 622020 
245 1 0 |a Seminario internacional sobre antimasonería 
250 |a 1a. ed 
260 |a Santiago  |b Universidad La República  |c 1999 
300 |a 126 p 
490 0 |a Documentos, 2 
583 |a last modification  |c 20190909 10:52:24  |k Rodrigo Vera 
650 0 0 |a Masonería   |9 256238 
650 0 0 |a Masones   |9 526932 
650 0 7 |a SOCIEDADES SECRETAS  |2 CL-VaPUC  |9 321683 
650 0 7 |a RITOS MASONICOS  |2 CL-VaPUC  |9 511609 
942 |c BK 
945 |a dcastane  |d 20131227 10:32:00 
546 |a En Español 
536 |a Universidad La República 
518 |p Seminario Internacional sobre Antimasonería, 1, Santiago de Chile, 7-9 de octubre de 1997 
999 |c 384748  |d 384746 
952 |0 0  |1 0  |3 erb  |4 0  |6 366_100000000000000_UNI_1999  |7 0  |8 A  |9 507681  |a BIBHIS  |b BIBHIS  |i 503812K  |o 366.1 UNI 1999  |p 503812K  |r 2025-01-20  |w 2020-01-23  |y BK  |z Catalogado en:20131227  |k HIS